LDR 00711naa#a2200205#i#450# 001 EN\\bibl\121430 005 20260516030749.6 011 ## _a1994-4683 100 ## _a20230531b2023####ek#y0engy0150####ca 102 ## _aRU 200 1# _aANALYSIS OF THE INFLUENCE OF DANCE AEROBICS ON THE PSYCHOLOGICAL STATE OF STUDENTS OF IRKUTSK NATIONAL RESEARCH TECHNICAL UNIVERSITY _eJournal article 210 1# _aMoscow _cNational State University of Physical Education, Sports and Health named after P.F. Lesgaft _d2023 215 ## _a3 с. 608 ## _aJournal article _2local 675 ## _aАэробная тренировка. 796.015.572 _z 700 #1 _a _g 700 #1 _a _g 700 #1 _a _g 700 #1 _a _g 856 4# _auchzapiski.lesgaft.spb.ru _u